[Event "e2e4 ch-IRL"]
[Site "Dublin IRL"]
[Date "2011.07.02"]
[Round "1"]
[White "O'Rourke, Ray"]
[Black "McMahon, Daire"]
[Result "0-1"]
[WhiteElo "2038"]
[BlackElo "2196"]
[Plycount "55"]
[WhiteFideId "2501023"]
[BlackFideId "2500477"]
[EventDate "2011.07.02"]
[Source "TWIC 870"]

1. e4 e5 2. Nf3 Nc6 3. Bb5 Nf6 4. Nc3 Bc5 5. O-O Nd4 6. Nxd4 Bxd4 7. d3 c6 8.
Bc4 d6 9. Bg5 h6 10. Bd2 O-O 11. h3 b5 12. Bb3 a5 13. a3 Qe7 14. Rb1 Bb6 15. Qe2
Be6 16. Bxe6 Qxe6 17. Kh1 Rfe8 18. Rbe1 Bd4 19. Nd1 d5 20. c3 Bb6 21. exd5 Nxd5
22. Qh5 Qd6 23. g4 Bc7 24. Rg1 e4 25. Rg2 exd3 26. Rxe8+ Rxe8 27. g5 Nf4 28.
Bxf4 0-1

[Event "e2e4 ch-IRL"]
[Site "Dublin IRL"]
[Date "2011.07.02"]
[Round "1"]
[White "Redmond, John P."]
[Black "McCabe, Darren"]
[Result "1-0"]
[WhiteElo "2190"]
[BlackElo "2024"]
[Plycount "59"]
[WhiteFideId "2500051"]
[BlackFideId "2500760"]
[EventDate "2011.07.02"]
[Source "TWIC 870"]

1. c4 c5 2. g3 Nc6 3. Bg2 g6 4. Nc3 Bg7 5. Nf3 e5 6. d3 Nge7 7. Nd2 O-O 8. Nf1
d6 9. Ne3 Be6 10. Ned5 Qd7 11. O-O Bxd5 12. Nxd5 Nxd5 13. Bxd5 Ne7 14. Bg2 d5
15. cxd5 Nxd5 16. Qb3 Rad8 17. Bg5 f6 18. Bd2 Kh8 19. Rfc1 b6 20. a4 Nc7 21. a5
Qb5 22. Qa2 f5 23. b4 e4 24. Rab1 exd3 25. bxc5 Qd7 26. c6 Qe7 27. exd3 Qe2 28.
Re1 Qxd3 29. Bf4 Rc8 30. Re7 1-0

[Event "e2e4 ch-IRL"]
[Site "Dublin IRL"]
[Date "2011.07.02"]
[Round "1"]
[White "Keogh, Eamon"]
[Black "Freeman, Gordon"]
[Result "0-1"]
[WhiteElo "2015"]
[BlackElo "2179"]
[Plycount "74"]
[WhiteFideId "2500264"]
[BlackFideId "2501309"]
[EventDate "2011.07.02"]
[Source "TWIC 870"]

1. f4 d5 2. Nf3 g6 3. d3 Nf6 4. g3 Bg7 5. Bg2 O-O 6. O-O c6 7. Nc3 Na6 8. e3 Nc5
9. Qe1 b5 10. b4 Ne6 11. Ne5 Qb6 12. a4 bxa4 13. Nxa4 Qc7 14. Bb2 Bb7 15. Bh3
Bc8 16. Bxe6 Bxe6 17. Qc3 Ng4 18. d4 Nxe5 19. dxe5 Bh3 20. Rfe1 f6 21. exf6 Bxf6
22. Qc5 Qd7 23. e4 dxe4 24. Rxe4 Bxb2 25. Nxb2 Rf5 26. Qxe7 Qd2 27. Qe6+ Kh8 28.
Re2 Qd4+ 29. Qe3 Qxb2 30. Rae1 Qxb4 31. Rf2 Rd5 32. c3 Qc5 33. Qc1 Rad8 34. c4
Rd2 35. Qc3+ Kg8 36. Re8+ Rxe8 37. Qxd2 Qd4 0-1

[Event "e2e4 ch-IRL"]
[Site "Dublin IRL"]
[Date "2011.07.02"]
[Round "1"]
[White "Josse, Mark"]
[Black "Moran, Stephen"]
[Result "1/2-1/2"]
[WhiteElo "2176"]
[BlackElo "1983"]
[Plycount "93"]
[WhiteFideId "414476"]
[BlackFideId "2501872"]
[EventDate "2011.07.02"]
[Source "TWIC 870"]

1. e4 e6 2. d3 d5 3. Nd2 Nf6 4. Ngf3 c5 5. g3 Nc6 6. Bg2 Be7 7. O-O O-O 8. Re1
b5 9. e5 Nd7 10. Nf1 a5 11. h4 b4 12. N1h2 Ba6 13. Bf4 a4 14. Ng5 Qe8 15. Qg4
Nd4 16. Rac1 b3 17. axb3 axb3 18. c3 Nc2 19. Red1 Ra7 20. Bf3 Kh8 21. Kg2 Bb5
22. Qh5 Bxg5 23. hxg5 f5 24. exf6 Qxh5 25. Bxh5 e5 26. fxg7+ Kxg7 27. Bd2 Bxd3
28. Ng4 Be4+ 29. Kg1 Bf3 30. Rf1 Be2 31. f4 Bxf1 32. Rxf1 exf4 33. gxf4 Nb6 34.
f5 Nc4 35. Bc1 d4 36. f6+ Kh8 37. cxd4 Nxd4 38. g6 hxg6 39. Bh6 gxh5 40. Bxf8
hxg4 41. Bxc5 Nf3+ 42. Rxf3 Ra1+ 43. Rf1 Rxf1+ 44. Kxf1 Kg8 45. Bd4 Kf7 46. Ke2
Nd6 47. Kd3 1/2-1/2

[Event "e2e4 ch-IRL"]
[Site "Dublin IRL"]
[Date "2011.07.02"]
[Round "1"]
[White "King, Melvyn"]
[Black "O'Connell, Gerard"]
[Result "0-1"]
[WhiteElo "1980"]
[BlackElo "2142"]
[Plycount "60"]
[WhiteFideId "2503379"]
[BlackFideId "2500493"]
[EventDate "2011.07.02"]
[Source "TWIC 870"]

1. f4 c5 2. b3 Nc6 3. e3 Nf6 4. Bb2 d6 5. Bb5 Bd7 6. Nf3 a6 7. Bxc6 Bxc6 8. O-O
e6 9. d3 Be7 10. Nbd2 O-O 11. Qe2 b5 12. e4 Rc8 13. g3 d5 14. e5 Ng4 15. d4 Nh6
16. Rfd1 Qb6 17. Nf1 Nf5 18. c3 b4 19. g4 bxc3 20. Bxc3 Bb5 21. Qb2 cxd4 22.
Bxd4 Nxd4 23. Nxd4 f6 24. Kg2 fxe5 25. Nxb5 axb5 26. fxe5 Rf4 27. h3 Rcf8 28.
Rd2 Bh4 29. Ng3 Qe3 30. Nh5 Rf2+ 0-1

[Event "e2e4 ch-IRL"]
[Site "Dublin IRL"]
[Date "2011.07.02"]
[Round "1"]
[White "Prizant, Michael"]
[Black "Loughran, John"]
[Result "1-0"]
[WhiteElo "2126"]
[BlackElo "1916"]
[Plycount "111"]
[WhiteFideId "413640"]
[BlackFideId "2501562"]
[EventDate "2011.07.02"]
[Source "TWIC 870"]

1. e4 e5 2. Nf3 Nc6 3. d4 exd4 4. Nxd4 Bc5 5. Nb3 Bb6 6. Nc3 Qf6 7. Qe2 Nge7 8.
Be3 Bxe3 9. Qxe3 a6 10. O-O-O d6 11. Nd5 Nxd5 12. exd5+ Ne7 13. Re1 Kd8 14. Qd2
Bd7 15. c4 h5 16. Bd3 Qh6 17. f4 Re8 18. g3 Qf6 19. Kb1 Kc8 20. Re2 b6 21. Rhe1
Kb7 22. Bc2 g6 23. Qd4 Ng8 24. Qxf6 Nxf6 25. Nd4 Rxe2 26. Rxe2 Re8 27. Rxe8 Bxe8
28. Nf3 Kc8 29. f5 Ng4 30. Kc1 Kd7 31. Kd2 Ke7 32. fxg6 fxg6 33. b3 Kf6 34. Ke2
g5 35. h4 gxh4 36. gxh4 Bd7 37. Nd4 Ne5 38. Kf2 Ng4+ 39. Kg3 Ne3 40. Kf4 Ng4 41.
Bd1 Kg6 42. Ne6 Bxe6 43. dxe6 Nf6 44. Bc2+ Kg7 45. Kg5 d5 46. cxd5 Nxd5 47. Bg6
c5 48. Bxh5 b5 49. Bf3 Nc7 50. Kf5 c4 51. bxc4 bxc4 52. Ke5 c3 53. Be4 Nb5 54.
h5 Na3 55. h6+ Kxh6 56. e7 1-0

[Event "e2e4 ch-IRL"]
[Site "Dublin IRL"]
[Date "2011.07.02"]
[Round "1"]
[White "Doyle, Hugh"]
[Black "Murray, David"]
[Result "0-1"]
[WhiteElo "1909"]
[BlackElo "2096"]
[Plycount "52"]
[WhiteFideId "2500876"]
[BlackFideId "2501511"]
[EventDate "2011.07.02"]
[Source "TWIC 870"]

1. c4 e5 2. g3 Nc6 3. Bg2 f5 4. Nc3 Nf6 5. d3 Bb4 6. Bd2 d6 7. e3 Bxc3 8. Bxc3
O-O 9. Ne2 Qe8 10. Qd2 Rb8 11. O-O-O b5 12. cxb5 Rxb5 13. e4 fxe4 14. dxe4 Ng4
15. Rdf1 Nxf2 16. Rhg1 Ng4 17. Rxf8+ Qxf8 18. Rf1 Qe8 19. h3 Nf6 20. g4 Qe6 21.
b3 a5 22. Ng3 a4 23. bxa4 Rc5 24. Kb2 Qc4 25. Nf5 Be6 26. Ra1 Qxa4 0-1

[Event "e2e4 ch-IRL"]
[Site "Dublin IRL"]
[Date "2011.07.02"]
[Round "1"]
[White "O'Connor, Jonathan"]
[Black "Janusaitis, Mindaugas"]
[Result "1-0"]
[WhiteElo "2124"]
[BlackElo "1968"]
[Plycount "89"]
[WhiteFideId "2501112"]
[BlackFideId "12802530"]
[EventDate "2011.07.02"]
[Source "TWIC 870"]

1. e4 e5 2. Nf3 Nc6 3. d4 exd4 4. Nxd4 Bc5 5. Nxc6 Qf6 6. Qf3 Qxf3 7. gxf3 dxc6
8. Be3 Bxe3 9. fxe3 Be6 10. Rg1 Ne7 11. Nd2 g6 12. Nb3 Bxb3 13. axb3 f5 14. exf5
Nxf5 15. Kf2 O-O 16. Bd3 a6 17. Ra5 Nd6 18. h4 Nf7 19. h5 g5 20. h6 Kh8 21. Bc4
b5 22. Bxf7 Rxf7 23. Rxg5 Rf6 24. Rh5 Kg8 25. f4 Kf7 26. Kf3 Kg6 27. Rg5+ Kf7
28. Rg7+ Kf8 29. Rxh7 Kg8 30. Rg7+ Kh8 31. Rxc7 Rxh6 32. e4 Rh3+ 33. Kg4 Re3 34.
Rxc6 Rg8+ 35. Kf5 Rf8+ 36. Rf6 Rxf6+ 37. Kxf6 Rxe4 38. f5 Re2 39. Rxa6 Rxc2 40.
Rb6 Rc5 41. b4 Rc2 42. Rxb5 Rxb2 43. Kf7 Ra2 44. f6 Ra7+ 45. Kg6 1-0

[Event "e2e4 ch-IRL"]
[Site "Dublin IRL"]
[Date "2011.07.02"]
[Round "1"]
[White "Twomey, Pat"]
[Black "Benson, Oisin P."]
[Result "0-1"]
[WhiteElo "1881"]
[BlackElo "2003"]
[Plycount "80"]
[WhiteFideId "2501937"]
[BlackFideId "2501821"]
[EventDate "2011.07.02"]
[Source "TWIC 870"]

1. e3 Nf6 2. c4 g6 3. Nc3 Bg7 4. Be2 O-O 5. Nf3 c5 6. d4 b6 7. O-O d6 8. Qc2 Bb7
9. d5 Nbd7 10. e4 Ng4 11. h3 Nge5 12. Nxe5 Nxe5 13. Be3 a6 14. a4 Qc7 15. Qd2
Rad8 16. f4 Nd7 17. h4 e6 18. h5 exd5 19. exd5 f5 20. g4 Nf6 21. hxg6 hxg6 22.
g5 Ne8 23. Bf2 Qd7 24. Kg2 Nc7 25. Bd3 b5 26. cxb5 Bxc3 27. bxc3 Bxd5+ 28. Kg3
axb5 29. axb5 c4 30. b6 Na6 31. Bd4 cxd3 32. Rh1 Bxh1 33. Rxh1 Nc5 34. Rh8+ Kf7
35. Rh7+ Ke6 36. Rxd7 Ne4+ 37. Kg2 Nxd2 38. Rg7 Nc4 39. Rxg6+ Kd5 40. Kf3 d2 0-1

[Event "e2e4 ch-IRL"]
[Site "Dublin IRL"]
[Date "2011.07.03"]
[Round "2"]
[White "Brady, Stephen"]
[Black "O'Connell, Gerard"]
[Result "1-0"]
[WhiteTitle "FM"]
[WhiteElo "2357"]
[BlackElo "2142"]
[Plycount "93"]
[WhiteFideId "2500124"]
[BlackFideId "2500493"]
[EventDate "2011.07.02"]
[Source "TWIC 870"]

1. e4 c5 2. c3 d5 3. exd5 Qxd5 4. d4 Nf6 5. Nf3 Bg4 6. dxc5 Qxd1+ 7. Kxd1 e5 8.
b4 e4 9. h3 Bh5 10. g4 Nxg4 11. hxg4 Bxg4 12. Nd2 exf3 13. Bd3 Nc6 14. Re1+ Be7
15. Be4 Rd8 16. Kc2 f5 17. Bxc6+ bxc6 18. Nc4 Kf8 19. Rxe7 Kxe7 20. Bg5+ Kd7 21.
Ne5+ Kc7 22. Nf7 Rde8 23. Nxh8 Re2+ 24. Kd3 Rxf2 25. Re1 Re2 26. Rxe2 fxe2 27.
Kd2 Bh5 28. c4 a6 29. a4 Kb7 30. Bf4 Kc8 31. Be5 g5 32. Bf6 h6 33. Bg7 f4 34.
Bxh6 f3 35. Ke1 g4 36. Bf4 Be8 37. Kf2 Kd8 38. Bd6 Kc8 39. Bg3 Kd8 40. Ke3 Ke7
41. Kf4 Kf6 42. Kxg4 Kg7 43. Kxf3 Kxh8 44. Ke4 Kg7 45. Ke5 Kg6 46. Be1 Kg5 47.
Kd6 1-0

[Event "e2e4 ch-IRL"]
[Site "Dublin IRL"]
[Date "2011.07.03"]
[Round "2"]
[White "Murray, David"]
[Black "Jones, Iolo C"]
[Result "0-1"]
[BlackTitle "CM"]
[WhiteElo "2096"]
[BlackElo "2286"]
[Plycount "94"]
[WhiteFideId "2501511"]
[BlackFideId "1800094"]
[EventDate "2011.07.02"]
[Source "TWIC 870"]

1. e4 e5 2. Nf3 Nf6 3. Nc3 Nc6 4. g3 Bb4 5. d3 d5 6. exd5 Nxd5 7. Bd2 Nxc3 8.
bxc3 Bd6 9. Bg2 O-O 10. O-O Bg4 11. h3 Bh5 12. Rb1 Rb8 13. Re1 f6 14. Be3 Bf7
15. Nd2 Qd7 16. c4 b6 17. Ne4 Be7 18. Kh2 Nd4 19. Nc3 c6 20. Ne4 Nf5 21. Bd2
Rbd8 22. Bc3 Nd4 23. Bb4 c5 24. Bd2 Qe8 25. Nc3 Bh5 26. g4 Bf7 27. Bd5 Bd6 28.
Kg2 Qd7 29. Be3 Ne6 30. Qf3 Bb8 31. Re2 Kh8 32. Qf5 Nc7 33. Qxd7 Rxd7 34. Bxf7
Rdxf7 35. Ne4 Ne6 36. Ng3 g6 37. Ree1 f5 38. gxf5 gxf5 39. Bd2 f4 40. Ne4 Rg7+
41. Kf1 Nd4 42. Bc3 Nxc2 43. Rec1 Nd4 44. Bxd4 exd4 45. Ke2 f3+ 46. Kd1 Bf4 47.
Nd2 Rg2 0-1

[Event "e2e4 ch-IRL"]
[Site "Dublin IRL"]
[Date "2011.07.03"]
[Round "2"]
[White "McMahon, Daire"]
[Black "Prizant, Michael"]
[Result "1-0"]
[WhiteElo "2196"]
[BlackElo "2126"]
[Plycount "87"]
[WhiteFideId "2500477"]
[BlackFideId "413640"]
[EventDate "2011.07.02"]
[Source "TWIC 870"]

1. d4 d5 2. c4 Bf5 3. cxd5 Bxb1 4. Qa4+ c6 5. Rxb1 Qxd5 6. e3 e5 7. Nf3 Nd7 8.
Bc4 Qd6 9. Qc2 Be7 10. O-O Ngf6 11. Rd1 Qc7 12. e4 exd4 13. Nxd4 O-O 14. Nf5 Ne5
15. Nxe7+ Qxe7 16. Be2 Ng6 17. f3 Rfd8 18. Be3 a6 19. Qc3 Qc7 20. Bd4 Nf4 21.
Bf1 Qe7 22. Bxf6 gxf6 23. g3 Ne6 24. Be2 Rxd1+ 25. Rxd1 Rd8 26. Rxd8+ Qxd8 27.
Kg2 Qd4 28. Qxd4 Nxd4 29. Bd3 h6 30. Kf2 Kf8 31. Ke3 Ne6 32. f4 Ke7 33. b4 Nc7
34. Bc4 Ne8 35. Kd4 Nd6 36. Bd3 Nc8 37. Kc5 Kd7 38. Bc4 Nd6 39. Bd3 Nc8 40. Kd4
Nd6 41. h4 Ne8 42. Bc4 Nd6 43. g4 Nxc4 44. Kxc4 1-0

[Event "e2e4 ch-IRL"]
[Site "Dublin IRL"]
[Date "2011.07.03"]
[Round "2"]
[White "Benson, Oisin P."]
[Black "Redmond, John P."]
[Result "0-1"]
[WhiteElo "2003"]
[BlackElo "2190"]
[Plycount "104"]
[WhiteFideId "2501821"]
[BlackFideId "2500051"]
[EventDate "2011.07.02"]
[Source "TWIC 870"]

1. d4 e6 2. c4 Nf6 3. Nc3 Bb4 4. a3 Bxc3+ 5. bxc3 b6 6. e3 Bb7 7. Nf3 O-O 8. Bd3
Be4 9. O-O Nc6 10. Ng5 Bxd3 11. Qxd3 d5 12. cxd5 exd5 13. c4 Re8 14. Bb2 Na5 15.
cxd5 Qxd5 16. Nf3 c5 17. Rfd1 c4 18. Qc2 Rac8 19. Bc3 Nb3 20. Rab1 Qe4 21. Qb2
Nd5 22. Nd2 Nxd2 23. Qxd2 Re6 24. Rbc1 Rg6 25. g3 h5 26. Qc2 Qg4 27. Rf1 h4 28.
Qd1 Qe4 29. Qc2 Qg4 30. Qd1 Qe4 31. Qc2 Nxc3 32. Qxc3 Qf3 33. e4 Qxe4 34. Rfe1
Qc6 35. Rcd1 Rd6 36. Re5 Rcd8 37. Rg5 Rd5 38. Rg4 h3 39. f3 b5 40. Rh4 Qd7 41.
a4 a6 42. Kf2 Re8 43. Qc2 f5 44. axb5 axb5 45. Qd2 Qe7 46. Rc1 Qd6 47. Rb1 Rde5
48. Rd1 Re3 49. Qc2 Qd5 50. Rf4 Re2+ 51. Qxe2 Rxe2+ 52. Kxe2 g5 0-1

[Event "e2e4 ch-IRL"]
[Site "Dublin IRL"]
[Date "2011.07.03"]
[Round "2"]
[White "Freeman, Gordon"]
[Black "O'Connor, Jonathan"]
[Result "0-1"]
[WhiteElo "2179"]
[BlackElo "2124"]
[Plycount "132"]
[WhiteFideId "2501309"]
[BlackFideId "2501112"]
[EventDate "2011.07.02"]
[Source "TWIC 870"]

1. d4 Nf6 2. Nf3 g6 3. c4 Bg7 4. Nc3 O-O 5. h4 d6 6. Bg5 c5 7. d5 a6 8. e3 Bg4
9. Be2 Nbd7 10. Nd2 Bxe2 11. Qxe2 b5 12. h5 Nxh5 13. g4 Nhf6 14. f4 h5 15. gxh5
Nxh5 16. O-O-O Ng3 17. Qh2 Nxh1 18. Rxh1 f6 19. Qh7+ Kf7 20. Bh6 Rg8 21. f5 Kf8
22. fxg6 Ne5 23. Ne2 Bxh6 24. Rxh6 Rg7 25. Qh8+ Rg8 26. Nf4 Nd3+ 27. Nxd3 Rxh8
28. Rxh8+ Kg7 29. Rxd8 Rxd8 30. Nf4 Rh8 31. cxb5 axb5 32. Ne4 Rh1+ 33. Kc2 Rg1
34. Nd2 Re1 35. Kd3 c4+ 36. Ke4 f5+ 37. Kf3 Rc1 38. e4 Rc2 39. Ke3 fxe4 40. Nxe4
Rxb2 41. Ng3 Rxa2 42. Nf5+ Kf6 43. g7 Ra8 44. Ke4 b4 45. Ne3 Kxg7 46. Nxc4 Rc8
47. Kd4 Kf6 48. Nd3 Rb8 49. Nd2 b3 50. Nc4 Rb5 51. Na3 b2 52. Nxb5 b1=Q 53. Nc3
Qg1+ 54. Ke4 Qh1+ 55. Kd4 Kf5 56. Ke3 Qg1+ 57. Kd2 Qd4 58. Nd1 Ke4 59. Nc3+ Kf3
60. Kc2 Qh4 61. Kb3 Ke3 62. Nb2 Kd4 63. Kc2 Qh2+ 64. Kb3 Qh3 65. Nd1 Qd3 66. Kb2
Kc4 0-1

[Event "e2e4 ch-IRL"]
[Site "Dublin IRL"]
[Date "2011.07.03"]
[Round "2"]
[White "Moran, Stephen"]
[Black "Daly, Colm"]
[Result "0-1"]
[BlackTitle "FM"]
[WhiteElo "1983"]
[BlackElo "2305"]
[Plycount "128"]
[WhiteFideId "2501872"]
[BlackFideId "2500434"]
[EventDate "2011.07.02"]
[Source "TWIC 870"]

1. d4 Nf6 2. c4 e6 3. Nc3 Bb4 4. Qc2 O-O 5. a3 Bxc3+ 6. Qxc3 b6 7. Bg5 h6 8. Bh4
Bb7 9. e3 Re8 10. Nf3 d6 11. Be2 Nbd7 12. O-O e5 13. dxe5 dxe5 14. Rfd1 Qe7 15.
b4 c5 16. b5 g5 17. Bg3 Ne4 18. Qc2 f5 19. Nd2 Rad8 20. f3 Nxg3 21. hxg3 f4 22.
Qg6+ Qg7 23. Qxg7+ Kxg7 24. Nf1 Nf8 25. Kf2 Ne6 26. a4 fxe3+ 27. Nxe3 Nd4 28.
Ra2 Rf8 29. a5 e4 30. axb6 exf3 31. gxf3 axb6 32. Ra7 Rd7 33. g4 Rff7 34. Rxd4
Rxd4 35. Nf5+ Rxf5 36. gxf5 Rd7 37. Bd3 Bc8 38. Ra3 Kf6 39. Ke3 Re7+ 40. Kf2
Bxf5 41. Bxf5 Kxf5 42. Ra8 Re6 43. Rf8+ Ke5 44. Ke3 h5 45. Rh8 h4 46. Rg8 Kf5+
47. Kf2 Rh6 48. Rf8+ Ke5 49. Re8+ Kd4 50. Re4+ Kc3 51. Kg2 Rf6 52. Re5 Kxc4 53.
Rxg5 Kxb5 54. Rh5 Rf4 55. Kf2 Kc4 56. Ke3 Rd4 57. f4 h3 58. f5 b5 59. f6 Rd6 60.
Rh6 h2 61. f7 Rxh6 62. f8=Q h1=Q 63. Qf7+ Kb4 64. Qf4+ c4 0-1

[Event "e2e4 ch-IRL"]
[Site "Dublin IRL"]
[Date "2011.07.03"]
[Round "2"]
[White "King, Melvyn"]
[Black "Fox, Anthony"]
[Result "0-1"]
[WhiteElo "1980"]
[BlackElo "2087"]
[Plycount "86"]
[WhiteFideId "2503379"]
[BlackFideId "2500736"]
[EventDate "2011.07.02"]
[Source "TWIC 870"]

1. f4 d5 2. b3 Nf6 3. e3 g6 4. Bb2 Bg7 5. Nf3 O-O 6. Be2 c5 7. O-O Nc6 8. Ne5
Qc7 9. d3 Ne8 10. d4 cxd4 11. Nxc6 Qxc6 12. exd4 Bf5 13. c3 Nd6 14. Nd2 Rfe8 15.
Rc1 b5 16. Bf3 Rac8 17. Re1 e6 18. Qe2 h5 19. g3 Qb6 20. Kh1 a5 21. Qe3 Red8 22.
Kg2 Bg4 23. Bxg4 hxg4 24. a3 Nf5 25. Qe2 b4 26. axb4 axb4 27. c4 Bxd4 28. Bxd4
Qxd4 29. Rcd1 Ra8 30. Nf1 Qc5 31. cxd5 Rxd5 32. Rc1 Qd6 33. Rc4 Rd3 34. Kg1 Nd4
35. Qe4 Qd5 36. Kh1 Nf3 37. Rec1 Qxe4 38. Rxe4 Rxb3 39. Re2 Rc3 40. Rb1 b3 41.
Nd2 Ra2 42. Ne4 Rxe2 43. Nxc3 Rxh2# 0-1

[Event "e2e4 ch-IRL"]
[Site "Dublin IRL"]
[Date "2011.07.03"]
[Round "2"]
[White "Reynolds, Pat"]
[Black "Doyle, Hugh"]
[Result "1-0"]
[WhiteElo "2043"]
[BlackElo "1909"]
[Plycount "51"]
[WhiteFideId "2501392"]
[BlackFideId "2500876"]
[EventDate "2011.07.02"]
[Source "TWIC 870"]

1. d4 d5 2. c4 e6 3. Nf3 Nf6 4. g3 b6 5. Bg2 Be7 6. Ne5 O-O 7. O-O Bb7 8. Nc3
Qc8 9. cxd5 Nxd5 10. e4 Nxc3 11. bxc3 Nd7 12. f4 Rd8 13. Bb2 Nf6 14. Qe2 c5 15.
Rfd1 Qc7 16. Rac1 Rac8 17. Rf1 cxd4 18. cxd4 Qb8 19. Rcd1 Qa8 20. f5 Bxe4 21.
fxe6 fxe6 22. Bh3 Rc2 23. Bxe6+ Kf8 24. Rd2 Rxd2 25. Qxd2 g6 26. Qh6+ 1-0

[Event "e2e4 ch-IRL"]
[Site "Dublin IRL"]
[Date "2011.07.03"]
[Round "2"]
[White "Janusaitis, Mindaugas"]
[Black "O'Rourke, Ray"]
[Result "1-0"]
[WhiteElo "1968"]
[BlackElo "2038"]
[Plycount "47"]
[WhiteFideId "12802530"]
[BlackFideId "2501023"]
[EventDate "2011.07.02"]
[Source "TWIC 870"]

1. e4 c5 2. Nf3 d6 3. d4 cxd4 4. Nxd4 Nf6 5. Nc3 a6 6. Bg5 e6 7. f4 Be7 8. Qd2
Nbd7 9. Be2 Qc7 10. f5 e5 11. Nb3 b5 12. Bf3 b4 13. Nd1 a5 14. O-O Bb7 15. Nf2
O-O 16. g4 Nb6 17. Bxf6 gxf6 18. Qh6 Kh8 19. Kh1 d5 20. g5 Qd6 21. g6 fxg6 22.
fxg6 Rf7 23. gxf7 a4 24. Rg1 1-0

[Event "e2e4 ch-IRL"]
[Site "Dublin IRL"]
[Date "2011.07.04"]
[Round "3"]
[White "Redmond, John P."]
[Black "Brady, Stephen"]
[Result "0-1"]
[BlackTitle "FM"]
[WhiteElo "2190"]
[BlackElo "2357"]
[Plycount "47"]
[WhiteFideId "2500051"]
[BlackFideId "2500124"]
[EventDate "2011.07.02"]
[Source "TWIC 870"]

1. c4 e6 2. Nc3 d5 3. d4 Nf6 4. cxd5 exd5 5. Bg5 Be7 6. e3 O-O 7. Bd3 Re8 8. Qc2
h6 9. Bh4 c5 10. Nge2 Nc6 11. dxc5 d4 12. exd4 Nxd4 13. Qd2 Nxe2 14. Bxe2 Qxd2+
15. Kxd2 Bxc5 16. Bd3 Be6 17. h3 Nd5 18. Bb5 Rec8 19. a3 Nxc3 20. bxc3 Bb6 21.
a4 Rc5 22. Be7 Rd5+ 23. Ke2 a6 24. Bd3 0-1

[Event "e2e4 ch-IRL"]
[Site "Dublin IRL"]
[Date "2011.07.04"]
[Round "3"]
[White "Jones, Iolo C"]
[Black "McMahon, Daire"]
[Result "1/2-1/2"]
[WhiteTitle "CM"]
[WhiteElo "2286"]
[BlackElo "2196"]
[Plycount "61"]
[WhiteFideId "1800094"]
[BlackFideId "2500477"]
[EventDate "2011.07.02"]
[Source "TWIC 870"]

1. d4 d5 2. Nf3 Nf6 3. g3 c5 4. c3 Nc6 5. Bg2 e6 6. O-O Bd6 7. Nbd2 O-O 8. b3 b5
9. Bb2 Qb6 10. a4 bxa4 11. Rxa4 Bd7 12. Ra1 cxd4 13. cxd4 Rab8 14. e3 Nb4 15.
Ne5 Bb5 16. Re1 Rfd8 17. Bf1 Bxf1 18. Rxf1 a5 19. Qe2 Ne4 20. Nxe4 Bxe5 21. Nd2
Bd6 22. Rfc1 Rdc8 23. Qf1 g6 24. Ba3 Bf8 25. Rxc8 Rxc8 26. Rc1 Rc6 27. Nb1 Qc7
28. Rxc6 Qxc6 29. Qc1 Qb5 30. Qf1 Qc6 31. Qc1 1/2-1/2

[Event "e2e4 ch-IRL"]
[Site "Dublin IRL"]
[Date "2011.07.04"]
[Round "3"]
[White "Daly, Colm"]
[Black "Short, Philip"]
[Result "1-0"]
[WhiteTitle "FM"]
[BlackTitle "FM"]
[WhiteElo "2305"]
[BlackElo "2293"]
[Plycount "119"]
[WhiteFideId "2500434"]
[BlackFideId "2500086"]
[EventDate "2011.07.02"]
[Source "TWIC 870"]

1. c4 e6 2. Nf3 Nf6 3. d4 d5 4. Nc3 Be7 5. Bg5 O-O 6. Qc2 c6 7. e3 Nbd7 8. O-O-O
Re8 9. Kb1 dxc4 10. Bxc4 Nd5 11. h4 Nf8 12. e4 Nxc3+ 13. Qxc3 Qc7 14. g3 b6 15.
Bf4 Bd6 16. e5 Be7 17. h5 Bb7 18. h6 g6 19. Rhe1 Rac8 20. Bg5 b5 21. Bf1 b4 22.
Qe3 c5 23. Bxe7 Qxe7 24. dxc5 Qxc5 25. Qxc5 Rxc5 26. Nd4 Rd8 27. f4 Bd5 28. b3
f6 29. exf6 Kf7 30. Nc2 a5 31. Kb2 Kxf6 32. Ne3 Rdc8 33. Ba6 R8c7 34. Rd2 Nd7
35. Bd3 Kf7 36. Bc4 Nb6 37. Bxd5 Nxd5 38. Nxd5 Rxd5 39. Rxd5 exd5 40. Re5 Rc3
41. Rxd5 Rxg3 42. Rxa5 Rg2+ 43. Kb1 Rf2 44. Ra7+ Kf6 45. Rxh7 Rxf4 46. Rb7 Rh4
47. h7 g5 48. Kc2 Kg6 49. Rxb4 Rxh7 50. a4 Kf5 51. a5 g4 52. Kd3 Rg7 53. Ke2 g3
54. Kf1 Ke5 55. a6 Kd6 56. Rb6+ Kc5 57. Rb7 Rg8 58. b4+ Kc6 59. Kg2 Rg6 60. b5+ 1-0

[Event "e2e4 ch-IRL"]
[Site "Dublin IRL"]
[Date "2011.07.04"]
[Round "3"]
[White "O'Connell, Gerard"]
[Black "McCabe, Darren"]
[Result "1/2-1/2"]
[WhiteElo "2142"]
[BlackElo "2024"]
[Plycount "60"]
[WhiteFideId "2500493"]
[BlackFideId "2500760"]
[EventDate "2011.07.02"]
[Source "TWIC 870"]

1. d4 Nf6 2. c4 e6 3. Nc3 Bb4 4. e3 d5 5. Bd3 O-O 6. Nf3 c5 7. O-O dxc4 8. Bxc4
Nbd7 9. a3 cxd4 10. exd4 Bxc3 11. bxc3 Qc7 12. Qd3 b6 13. Ba2 Bb7 14. Re1 Rac8
15. c4 Ba6 16. Nd2 Rfe8 17. Bb2 e5 18. dxe5 Nxe5 19. Qg3 Ned7 20. Qh4 Qc5 21.
Ne4 Rxe4 22. Rxe4 Nxe4 23. Qxe4 Qc6 24. Qxc6 Rxc6 25. Rd1 Nf8 26. Rc1 Ne6 27. f3
Kf8 28. a4 Nf4 29. Ba3+ Ke8 30. Rc2 Ne6 1/2-1/2

[Event "e2e4 ch-IRL"]
[Site "Dublin IRL"]
[Date "2011.07.04"]
[Round "3"]
[White "Keogh, Eamon"]
[Black "Murray, David"]
[Result "1-0"]
[WhiteElo "2015"]
[BlackElo "2096"]
[Plycount "99"]
[WhiteFideId "2500264"]
[BlackFideId "2501511"]
[EventDate "2011.07.02"]
[Source "TWIC 870"]

1. f4 e5 2. fxe5 Nc6 3. Nf3 g5 4. d4 g4 5. Ng5 Bh6 6. Ne4 Bxc1 7. Qxc1 Nxd4 8.
c3 Nc6 9. Qf4 Qe7 10. Nf6+ Kf8 11. Nd5 Qxe5 12. Qxe5 Nxe5 13. Nxc7 Rb8 14. Na3
Nf6 15. g3 Ke7 16. Bg2 d6 17. Rd1 Bd7 18. O-O Bc6 19. Ncb5 Bxb5 20. Nxb5 Rhd8
21. Nxd6 Rxd6 22. Rxd6 Kxd6 23. Rxf6+ Ke7 24. Rf4 b6 25. Kf2 Rc8 26. Bd5 Rd8 27.
Rd4 h5 28. Be4 Rc8 29. Bd3 Nxd3+ 30. Rxd3 Rc5 31. e4 Rc6 32. Rd5 Rf6+ 33. Ke2
Rh6 34. Ke3 h4 35. Kf4 hxg3 36. hxg3 Rh2 37. Rb5 Re2 38. Rb4 Kd6 39. Kxg4 Kc5
40. Kf3 Rh2 41. a4 a6 42. b3 b5 43. axb5 axb5 44. Rd4 Rc2 45. Rd3 Rb2 46. Rd5+
Kc6 47. b4 Rc2 48. Rd3 Rc1 49. e5 Rc2 50. Ke4 1-0